000 00371nam a2200157Ia 4500
008 221030s9999 xx 000 0 und d
020 _a8177584766
082 _a105.23
100 _aR. Elmasri
245 0 _aFundamentals of Database Systems
250 _a4th
260 _bPearson Education
_aDelhi
_c2008
300 _a799
650 _aComputers
942 _cBK
_2ddc
999 _c4633
_d4633